The 7 (seven) laws of teaching / (Record no. 35007)
[ view plain ]
| 000 -LEADER | |
|---|---|
| fixed length control field | 00523nam a22001931a 4500 |
| 003 - CONTROL NUMBER IDENTIFIER | |
| control field | NEGST |
| 005 - DATE AND TIME OF LATEST TRANSACTION | |
| control field | 20170411020004.0 |
| 008 - FIXED-LENGTH DATA ELEMENTS--GENERAL INFORMATION | |
| fixed length control field | 030627s1995 miu 001 0 eng d |
| 020 ## - INTERNATIONAL STANDARD BOOK NUMBER | |
| International Standard Book Number | 0801052726 |
| 100 1# - MAIN ENTRY--PERSONAL NAME | |
| Personal name | Gregory, John Milton, |
| Dates associated with a name | 1822 - 1898. |
| 245 14 - TITLE STATEMENT | |
| Title | The 7 (seven) laws of teaching / |
| Statement of responsibility, etc | John Milton Gregory. |
| Medium | [Text] |
| 250 ## - EDITION STATEMENT | |
| Edition statement | rev. ed. |
| 260 ## - PUBLICATION, DISTRIBUTION, ETC. (IMPRINT) | |
| Place of publication, distribution, etc | Grand Rapids, Mich. |
| Name of publisher, distributor, etc | Baker Books |
| Date of publication, distribution, etc | 1995 |
| 300 ## - PHYSICAL DESCRIPTION | |
| Extent | 128p.; |
| 590 ## - LOCAL NOTE (RLIN) | |
| Local note | Accession number: 22169 |
| 650 #0 - SUBJECT ADDED ENTRY--TOPICAL TERM | |
| Topical term or geographic name as entry element | Teaching. |
| 942 00 - ADDED ENTRY ELEMENTS (KOHA) | |
| Koha issues (borrowed), all copies | 13 |
| Withdrawn status | Lost status | Source of classification or shelving scheme | Damaged status | Not for loan | Collection code | Home library | Current library | Shelving location | Date acquired | Cost, normal purchase price | Total Checkouts | Full call number | Barcode | Date last seen | Date checked out | Copy number | Price effective from | Koha item type |
|---|---|---|---|---|---|---|---|---|---|---|---|---|---|---|---|---|---|---|
| Library of Congress Classification | General Circulation | AIU/NEGST - Tony Wilmot Memorial Library | AIU/NEGST - Tony Wilmot Memorial Library | General Stacks | 12/02/2009 | 7.99 | 18 | LB 1025.G83 1995 | R13515N3232 | 05/31/2024 | 05/09/2024 | 1 | 12/02/2009 | Books |
